000 00615nam a2200229 a 4500
999 _c9714
_d9714
001 9714
003 Bd-JhCC
005 20180322175303.0
008 180322s1960 enk 000 0 eng d
035 _aBd-JhCC)9714
040 _aBd-JhCC
_cHDC
_dBd-JhCC
041 _aeng
082 _a822.076
_bROM 1960
090 _aPR2750
_b.B31 1949
245 1 0 _aRomeo and Juliet Notes /
_cCliff's Notes,
260 _aU. S. A :
_bCliff's Notes,
_c1960.
300 _a59 p. :
_bfacsim ;
_c22 cm
500 _aReproduction of the Edinburgh University Library copy
650 _aCommedy
942 _2ddc
_cBK